Friends S7 Quiz - Statistics

General Stats
  • This quiz has been taken 20 times
  • The average score is 6 of 9
Answer Stats
Hint Answer % Correct
What brand of car does Monica inherit from her father? Porsche
95%
Who is the youngest friend? Rachel
95%
Who is taught practical jokes by Rachel? Ben
90%
Who is Rachel's assistant? Tag
90%
What animal is Chandler scared of? Dogs
75%
What Soap Opera award is Joey nominated for? Soapie
40%
Who is Monica and Ross' cousin? Cassie
30%
Who does Phoebe call as an office worker who is going to commit suicide? Earl
30%
Who would have been a perfect assistant for Rachel but lost out to #1? Hilda
25%
No matching quizzes found
Score Distribution
Percent of People with Each Score
Percentile by Number Answered
Your Score History
You have not taken this quiz